Comuni della Provincia di Messina - Statistics

Statistiche generali
  • Questo quiz è stato fatto 75 volte
    7 dall'ultimo reset
  • Il punteggio medio è 59 su 108
Statistiche sulle risposte
Comune % Corretto
Barcellona Pozzo di Gotto
100%
Messina
100%
Giardini-Naxos
80%
Lipari
80%
Milazzo
80%
Mistretta
80%
Novara di Sicilia
80%
Sant'Agata di Militello
80%
Santa Teresa di Riva
80%
Spadafora
80%
Taormina
80%
Venetico
80%
Acquedolci
60%
Alcara Li Fusi
60%
Alì
60%
Alì Terme
60%
Antillo
60%
Basicò
60%
Brolo
60%
Capizzi
60%
Capo d'Orlando
60%
Capri Leone
60%
Caronia
60%
Casalvecchio Siculo
60%
Castel di Lucio
60%
Castell'Umberto
60%
Castroreale
60%
Cesarò
60%
Condrò
60%
Falcone
60%
Ficarra
60%
Floresta
60%
Fondachelli-Fantina
60%
Forza d'Agrò
60%
Furnari
60%
Gaggi
60%
Gallodoro
60%
Gioiosa Marea
60%
Graniti
60%
Gualtieri Sicaminò
60%
Leni
60%
Longi
60%
Malfa
60%
Malvagna
60%
Mazzarrà Sant'Andrea
60%
Militello Rosmarino
60%
Mojo Alcantara
60%
Monforte San Giorgio
60%
Montagnareale
60%
Motta d'Affermo
60%
Naso
60%
Oliveri
60%
Pagliara
60%
Patti
60%
Pettineo
60%
Raccuja
60%
Roccafiorita
60%
Roccalumera
60%
Roccavaldina
60%
Roccella Valdemone
60%
San Filippo del Mela
60%
San Fratello
60%
San Pier Niceto
60%
San Piero Patti
60%
Santa Domenica Vittoria
60%
Sant'Alessio Siculo
60%
Santa Lucia del Mela
60%
Santa Marina Salina
60%
Sant'Angelo di Brolo
60%
Torregrotta
60%
Torrenova
60%
Tortorici
60%
Tusa
60%
Ucria
60%
Valdina
60%
Villafranca Tirrena
60%
Castelmola
40%
Francavilla di Sicilia
40%
Frazzanò
40%
Furci Siculo
40%
Limina
40%
Mandanici
40%
Merì
40%
Mirto
40%
Montalbano Elicona
40%
Pace del Mela
40%
Piraino
40%
Reitano
40%
Rodì Milici
40%
Rometta
40%
San Salvatore di Fitalia
40%
Santo Stefano di Camastra
40%
Saponara
40%
Terme Vigliatore
40%
Tripi-Abakainon
40%
Fiumedinisi
20%
Galati Mamertino
20%
Itala
20%
Letojanni
20%
Librizzi
20%
Mongiuffi Melia
20%
Motta Camastra
20%
Nizza di Sicilia
20%
San Marco d'Alunzio
20%
San Teodoro
20%
Savoca
20%
Scaletta Zanclea
20%
Sinagra
20%
Nessun quiz corrispondente trovato
Distribuzione punteggi
Percentuale di utenti per punteggio
Percentile per numero di risposta
I tuoi punteggi nel tempo
Non hai fatto questo quiz dall'ultimo reset